Statistics for County Seats of Alabama

Click here to take the quiz!

General Stats

  • This quiz has been taken 192 times
  • The average score is 27 of 67

Answer Stats

CountyCounty Seat% Correct
MobileMobile
80%
MontgomeryMontgomery
79%
JeffersonBirmingham
76%
TuscaloosaTuscaloosa
76%
MadisonHuntsville
72%
LauderdaleFlorence
63%
DallasSelma
63%
HoustonDothan
61%
MorganDecatur
60%
EtowahGadsden
59%
TalladegaTalladega
59%
LeeOpelika
53%
CalhounAnniston
51%
RussellPhenix City
51%
AutaugaPrattville
51%
CullmanCullman
49%
BaldwinBay Minette
47%
PerryMarion
47%
LimestoneAthens
45%
FayetteFayette
43%
WalkerJasper
41%
GenevaGeneva
40%
ButlerGreenville
40%
MarshallGuntersville
40%
MonroeMonroeville
40%
PikeTroy
40%
St. ClairAshville & Pell City
39%
DeKalbFort Payne
39%
JacksonScottsboro
39%
ChiltonClanton
37%
FranklinRussellville
37%
ChoctawButler
36%
MaconTuskegee
36%
ShelbyColumbiana
35%
SumterLivingston
35%
BlountOneonta
35%
ElmoreWetumpka
35%
CovingtonAndalusia
33%
CherokeeCentre
33%
BarbourClayton
33%
GreeneEutaw
33%
ConecuhEvergreen
33%
DaleOzark
33%
EscambiaBrewton
32%
CoffeeElba
32%
HaleGreensboro
32%
MarionHamilton
32%
BibbCentreville
31%
TallapoosaDadeville
31%
ChambersLaFayette
31%
CrenshawLuverne
31%
CoosaRockford
31%
WilcoxCamden
29%
WinstonDouble Springs
29%
MarengoLinden
29%
BullockUnion Springs
29%
ClayAshland
28%
CleburneHeflin
28%
ColbertTuscumbia
28%
RandolphWedowee
28%
HenryAbbeville
27%
WashingtonChatom
27%
LawrenceMoulton
27%
PickensCarrollton
25%
ClarkeGrove Hill
25%
LowndesHayneville
25%
LamarVernon
24%

Score Distribution

Percentile by Number Answered

Percent of People with Each Score

Your Score History

You have not taken this quiz